| 000 | 00000nam##2200000za#4500 |
| 001 | 9.642386 |
| 003 | CaOODSP |
| 005 | 20210624223655 |
| 007 | cr ||||||||||| |
| 008 | 150407|2000||||xxc|||||o f|0| 0 fre|d |
| 040 | |aCaOODSP|bfre |
| 043 | |an-cn--- |
| 086 | 1 |aH14-131/2000F-PDF |
| 110 | 1 |aCanada. |bSanté Canada. |
| 245 | 10|aCadre décisionnel de Santé Canada pour la détermination, l'évaluation et la gestion des risques pour la santé |h[ressource électronique] |
| 260 | |aOttawa - Ontario : |bSanté Canada |c2000. |
| 300 | |a93p.|bfigures, glossaire, références |
| 500 | |a«En 1993, Santé Canada a publié un cadre officiel qui définit et décrit le processus d'évaluation et de gestion des risques de manière structurée [Santé Canada, 1993]. Bien que l'approche utilisée en 1993 ait fait ses preuves, ces dernières années ont donné lieu à un certain nombre de changements dans la société, la science et la technologie ayant incité le Ministère et d'autres organismes de santé publique à réexaminer leur façon de faire face aux risques pour la santé.»--Page 3 des 93, Préface : contexte. |
| 590 | |a13-20-Supp|b2013-08-30 |
| 775 | 08|tHealth Canada decision-making framework for identifying, assessing, and managing health risks |w(CaOODSP)9.698372 |
| 856 | 40|ahttp://publications.gc.ca|qPDF|s380 Ko|uhttps://publications.gc.ca/collections/collection_2013/sc-hc/H14-131-2000-fra.pdf |